[Event "Russian Rapid Team Championship (w)"]
[Site "Sochi"]
[Date "2022.10.18"]
[Round "1.1"]
[White "Shuvalova, Polina"]
[Black "Styazhkina, Anna"]
[Result "1-0"]
[BlackElo "2071"]
[WhiteElo "2392"]
[LiveChessVersion "1.4.8"]

1. d4 {[%clk 0:15:17]} d5 {[%clk 0:15:16]} 2. Nf3 {[%clk 0:15:25]} Nf6
{[%clk 0:15:23]} 3. Bf4 {[%clk 0:15:34]} e6 {[%clk 0:15:24]} 4. e3
{[%clk 0:15:42]} Bd6 {[%clk 0:15:23]} 5. Bxd6 {[%clk 0:15:36]} Qxd6
{[%clk 0:15:26]} 6. c4 {[%clk 0:15:45]} dxc4 {[%clk 0:14:55]} 7. Nbd2
{[%clk 0:15:51]} O-O {[%clk 0:13:52]} 8. Nxc4 {[%clk 0:15:50]} Qe7
{[%clk 0:13:38]} 9. Be2 {[%clk 0:15:51]} Rd8 {[%clk 0:13:04]} 10. Qc2
{[%clk 0:14:15]} b6 {[%clk 0:12:09]} 11. O-O {[%clk 0:14:14]} Bb7
{[%clk 0:12:18]} 12. Nce5 {[%clk 0:14:16]} Nd5 {[%clk 0:09:05]} 13. a3
{[%clk 0:13:26]} Nd7 {[%clk 0:08:00]} 14. Nc6 {[%clk 0:13:03]} Bxc6
{[%clk 0:08:06]} 15. Qxc6 {[%clk 0:13:10]} Rac8 {[%clk 0:07:59]} 16. b4
{[%clk 0:08:47]} Nb8 {[%clk 0:07:52]} 17. Qb7 {[%clk 0:08:42]} c5
{[%clk 0:07:50]} 18. Qxe7 {[%clk 0:08:48]} Nxe7 {[%clk 0:07:58]} 19. dxc5
{[%clk 0:08:55]} bxc5 {[%clk 0:08:07]} 20. b5 {[%clk 0:09:02]} Nd7
{[%clk 0:07:36]} 21. Rfc1 {[%clk 0:09:06]} Nb6 {[%clk 0:07:06]} 22. a4
{[%clk 0:09:08]} Nbd5 {[%clk 0:06:17]} 23. g3 {[%clk 0:08:53]} Nb4
{[%clk 0:06:04]} 24. Rc4 {[%clk 0:08:14]} Nf5 {[%clk 0:05:49]} 25. Rac1
{[%clk 0:05:39]} Na2 {[%clk 0:05:47]} 26. R1c2 {[%clk 0:05:35]} Nb4
{[%clk 0:05:52]} 27. Rd2 {[%clk 0:05:38]} Nd6 {[%clk 0:05:15]} 28. Rc1
{[%clk 0:05:23]} Kf8 {[%clk 0:03:39]} 29. Rb2 {[%clk 0:04:15]} f6
{[%clk 0:02:23]} 30. Kg2 {[%clk 0:04:23]} Ke7 {[%clk 0:02:26]} 31. Nd2
{[%clk 0:04:12]} e5 {[%clk 0:01:06]} 32. Nb3 {[%clk 0:02:31]} c4 {[%clk 0:00:26]}
33. Na5 {[%clk 0:02:04]} Nd3 {[%clk 0:00:34]} 34. Bxd3 {[%clk 0:02:08]} cxd3
{[%clk 0:00:43]} 35. Nc6+ {[%clk 0:02:17]} Ke8 {[%clk 0:00:22]} 36. Rd1
{[%clk 0:02:25]} Rxc6 {[%clk 0:00:30]} 37. bxc6 {[%clk 0:02:33]} e4
{[%clk 0:00:39]} 38. Rb4 {[%clk 0:02:11]} Rc8 {[%clk 0:00:34]} 39. Rc1
{[%clk 0:02:17]} Rc7 {[%clk 0:00:38]} 40. g4 {[%clk 0:02:21]} g6 {[%clk 0:00:46]}
41. Kg3 {[%clk 0:02:24]} Ke7 {[%clk 0:00:47]} 42. f3 {[%clk 0:02:27]} f5
{[%clk 0:00:43]} 43. gxf5 {[%clk 0:02:28]} gxf5 {[%clk 0:00:52]} 44. Kf4
{[%clk 0:02:35]} Ke6 {[%clk 0:00:56]} 45. Rd4 {[%clk 0:02:20]} h6
{[%clk 0:00:23]} 46. h3 {[%clk 0:02:27]} a6 {[%clk 0:00:24]} 47. Rc5
{[%clk 0:02:23]} Nf7 {[%clk 0:00:16]} 48. fxe4 {[%clk 0:01:58]} fxe4
{[%clk 0:00:20]} 49. Kxe4 {[%clk 0:02:03]} 1-0

[Event "Russian Rapid Team Championship (w)"]
[Site "Sochi"]
[Date "2022.10.18"]
[Round "1.2"]
[White "Karmanova, Olga Dm."]
[Black "Badelka, Olga"]
[Result "1/2-1/2"]
[BlackElo "2316"]
[WhiteElo "2096"]
[LiveChessVersion "1.4.8"]

1. d4 {[%clk 0:15:18]} d5 {[%clk 0:15:18]} 2. c4 {[%clk 0:15:26]} e6
{[%clk 0:15:23]} 3. Nf3 {[%clk 0:15:34]} a6 {[%clk 0:15:26]} 4. cxd5
{[%clk 0:15:18]} exd5 {[%clk 0:15:34]} 5. Nc3 {[%clk 0:15:27]} Be7
{[%clk 0:15:10]} 6. Qb3 {[%clk 0:14:40]} c6 {[%clk 0:15:07]} 7. Bf4
{[%clk 0:14:12]} Nf6 {[%clk 0:15:08]} 8. e3 {[%clk 0:13:48]} O-O {[%clk 0:14:34]}
9. Bd3 {[%clk 0:13:42]} Nbd7 {[%clk 0:14:30]} 10. h3 {[%clk 0:13:03]} Re8
{[%clk 0:10:46]} 11. O-O {[%clk 0:13:06]} Nf8 {[%clk 0:10:55]} 12. Rac1
{[%clk 0:12:18]} Ne6 {[%clk 0:09:44]} 13. Bg3 {[%clk 0:12:25]} Bd6
{[%clk 0:09:41]} 14. Ne5 {[%clk 0:11:21]} c5 {[%clk 0:08:54]} 15. Qd1
{[%clk 0:08:35]} c4 {[%clk 0:06:12]} 16. Bb1 {[%clk 0:08:43]} Bc7
{[%clk 0:05:46]} 17. a4 {[%clk 0:05:19]} Nf8 {[%clk 0:02:57]} 18. b3
{[%clk 0:04:33]} Ng6 {[%clk 0:02:23]} 19. Bxg6 {[%clk 0:04:24]} hxg6
{[%clk 0:02:31]} 20. bxc4 {[%clk 0:04:25]} dxc4 {[%clk 0:02:39]} 21. Nxc4
{[%clk 0:03:49]} Bxg3 {[%clk 0:02:46]} 22. fxg3 {[%clk 0:03:58]} Be6
{[%clk 0:02:22]} 23. Ne5 {[%clk 0:03:54]} Nd5 {[%clk 0:01:40]} 24. e4
{[%clk 0:02:29]} Nxc3 {[%clk 0:01:23]} 25. Rxc3 {[%clk 0:02:37]} g5
{[%clk 0:01:14]} 26. g4 {[%clk 0:01:37]} f6 {[%clk 0:01:21]} 27. Nf3
{[%clk 0:01:46]} Rc8 {[%clk 0:01:08]} 28. Qc2 {[%clk 0:01:47]} Qa5
{[%clk 0:01:04]} 29. Rc1 {[%clk 0:00:51]} Rxc3 {[%clk 0:01:08]} 30. Qxc3
{[%clk 0:01:00]} Qxa4 {[%clk 0:01:10]} 31. Qd2 {[%clk 0:00:50]} Qd7
{[%clk 0:00:53]} 32. Qa5 {[%clk 0:00:51]} Rc8 {[%clk 0:00:48]} 33. Rxc8+
{[%clk 0:00:49]} Qxc8 {[%clk 0:00:57]} 34. Qa3 {[%clk 0:00:55]} Qd8
{[%clk 0:00:55]} 35. d5 {[%clk 0:00:52]} Bf7 {[%clk 0:01:04]} 36. Qc5
{[%clk 0:00:57]} b6 {[%clk 0:00:39]} 37. Qc6 {[%clk 0:00:59]} a5 {[%clk 0:00:37]}
38. d6 {[%clk 0:00:23]} Be6 {[%clk 0:00:29]} 39. Nd4 {[%clk 0:00:27]} Bd7
{[%clk 0:00:31]} 40. Qd5+ {[%clk 0:00:36]} Kf8 {[%clk 0:00:32]} 41. e5
{[%clk 0:00:20]} fxe5 {[%clk 0:00:41]} 42. Qxe5 a4 {[%clk 0:00:40]} 43. Nf5
{[%clk 0:00:29]} Qf6 {[%clk 0:00:26]} 44. Qd5 {[%clk 0:00:36]} Qe6
{[%clk 0:00:15]} 45. Qa8+ {[%clk 0:00:40]} Kf7 {[%clk 0:00:24]} 46. Qf3
{[%clk 0:00:45]} Qe1+ {[%clk 0:00:17]} 47. Kh2 {[%clk 0:00:54]} Qe5+
{[%clk 0:00:26]} 48. Ng3+ {[%clk 0:00:45]} Ke6 {[%clk 0:00:22]} 49. Qf8
{[%clk 0:00:50]} Qxd6 {[%clk 0:00:24]} 50. Qxg7 {[%clk 0:00:50]} a3
{[%clk 0:00:23]} 51. Qxg5 {[%clk 0:00:57]} Kf7 {[%clk 0:00:15]} 52. Qh5+
{[%clk 0:01:02]} Kf8 {[%clk 0:00:23]} 53. Qh8+ {[%clk 0:01:04]} Ke7
{[%clk 0:00:32]} 54. Qh4+ {[%clk 0:01:13]} Ke8 {[%clk 0:00:38]} 55. Qh8+
{[%clk 0:01:19]} Ke7 {[%clk 0:00:33]} 56. Qh4+ {[%clk 0:01:27]} 1/2-1/2

[Event "Russian Rapid Team Championship (w)"]
[Site "Sochi"]
[Date "2022.10.18"]
[Round "1.3"]
[White "Charochkina, Daria"]
[Black "Nazarova, Anastasia"]
[Result "1-0"]
[BlackElo "2089"]
[WhiteElo "2245"]
[LiveChessVersion "1.4.8"]

1. d4 {[%clk 0:15:18]} d5 {[%clk 0:15:19]} 2. Nc3 {[%clk 0:15:27]} Nf6
{[%clk 0:14:41]} 3. Bf4 {[%clk 0:15:34]} c6 {[%clk 0:14:27]} 4. e3
{[%clk 0:15:37]} Bf5 {[%clk 0:14:29]} 5. f3 {[%clk 0:15:38]} e6 {[%clk 0:14:26]}
6. g4 {[%clk 0:15:44]} Bg6 {[%clk 0:14:34]} 7. h4 {[%clk 0:15:53]} h5
{[%clk 0:14:14]} 8. g5 {[%clk 0:15:59]} Nfd7 {[%clk 0:13:38]} 9. Bd3
{[%clk 0:16:00]} Bxd3 {[%clk 0:13:00]} 10. Qxd3 {[%clk 0:16:08]} g6
{[%clk 0:12:55]} 11. Nge2 {[%clk 0:16:00]} Bg7 {[%clk 0:12:53]} 12. O-O-O
{[%clk 0:14:47]} O-O {[%clk 0:12:51]} 13. e4 {[%clk 0:14:22]} Re8
{[%clk 0:12:16]} 14. Bg3 {[%clk 0:13:26]} Na6 {[%clk 0:11:00]} 15. Kb1
{[%clk 0:12:12]} Nc7 {[%clk 0:07:57]} 16. f4 {[%clk 0:11:19]} dxe4
{[%clk 0:07:16]} 17. Nxe4 {[%clk 0:11:22]} Nd5 {[%clk 0:07:15]} 18. c4
{[%clk 0:10:35]} Ne7 {[%clk 0:07:17]} 19. Nd6 {[%clk 0:10:33]} Rf8
{[%clk 0:07:26]} 20. Nc3 Rb8 {[%clk 0:06:33]} 21. Rhe1 {[%clk 0:09:10]} Nf5
{[%clk 0:05:07]} 22. Nxf5 {[%clk 0:09:03]} exf5 {[%clk 0:05:16]} 23. Bf2
{[%clk 0:07:09]} b5 {[%clk 0:04:09]} 24. cxb5 {[%clk 0:07:09]} cxb5
{[%clk 0:04:18]} 25. Nd5 {[%clk 0:07:17]} Nb6 {[%clk 0:03:41]} 26. Ne7+
{[%clk 0:07:03]} Kh7 {[%clk 0:03:47]} 27. Nc6 {[%clk 0:07:12]} Qd6
{[%clk 0:03:29]} 28. Nxb8 {[%clk 0:07:04]} Rxb8 {[%clk 0:03:38]} 29. d5
{[%clk 0:07:13]} Rd8 {[%clk 0:03:38]} 30. Qb3 {[%clk 0:03:46]} Nc4
{[%clk 0:02:13]} 31. Bd4 {[%clk 0:03:42]} Qxf4 {[%clk 0:01:59]} 32. Bxg7
{[%clk 0:03:42]} Kxg7 {[%clk 0:02:06]} 33. Qc3+ {[%clk 0:03:15]} Kg8
{[%clk 0:01:56]} 34. d6 {[%clk 0:03:00]} Nxd6 {[%clk 0:01:24]} 35. Qf6
{[%clk 0:02:56]} Rd7 {[%clk 0:01:32]} 36. Rxd6 {[%clk 0:02:44]} Qxd6
{[%clk 0:01:40]} 37. Re8+ {[%clk 0:02:53]} Qf8 {[%clk 0:01:49]} 38. Rxf8+
{[%clk 0:03:01]} Kxf8 {[%clk 0:01:58]} 39. Qh8+ {[%clk 0:03:00]} Ke7
{[%clk 0:02:08]} 40. Qe5+ {[%clk 0:03:09]} Kf8 {[%clk 0:02:11]} 41. Qxb5
{[%clk 0:02:50]} Ke7 {[%clk 0:02:07]} 42. Qe5+ {[%clk 0:02:49]} Kf8
{[%clk 0:02:14]} 43. Kc2 {[%clk 0:02:53]} Rb7 {[%clk 0:01:36]} 44. b4
{[%clk 0:02:58]} Rb6 {[%clk 0:01:27]} 45. Qc7 {[%clk 0:02:58]} Kg7
{[%clk 0:01:22]} 46. Kc3 {[%clk 0:03:01]} Ra6 {[%clk 0:01:28]} 47. Kb3
{[%clk 0:02:19]} Re6 {[%clk 0:01:20]} 48. Qxa7 {[%clk 0:02:23]} Re4
{[%clk 0:01:29]} 49. Qf2 {[%clk 0:02:26]} f6 {[%clk 0:01:29]} 50. Qa7+
{[%clk 0:02:29]} Kf8 {[%clk 0:01:37]} 51. gxf6 {[%clk 0:02:37]} f4
{[%clk 0:01:37]} 52. Qg7+ {[%clk 0:02:44]} 1-0

[Event "Russian Rapid Team Championship (w)"]
[Site "Sochi"]
[Date "2022.10.18"]
[Round "1.4"]
[White "Reger, Valeriia"]
[Black "Solozhenkina, Elizaveta"]
[Result "0-1"]
[BlackElo "2195"]
[WhiteElo "1939"]
[LiveChessVersion "1.4.8"]

1. d4 {[%clk 0:15:17]} Nf6 {[%clk 0:15:19]} 2. Nf3 {[%clk 0:15:25]} g6
{[%clk 0:15:28]} 3. c4 {[%clk 0:15:33]} Bg7 {[%clk 0:15:37]} 4. Nc3
{[%clk 0:15:42]} d5 {[%clk 0:15:46]} 5. cxd5 {[%clk 0:15:50]} Nxd5
{[%clk 0:15:54]} 6. e4 {[%clk 0:15:59]} Nxc3 {[%clk 0:16:02]} 7. bxc3
{[%clk 0:16:08]} c5 {[%clk 0:16:10]} 8. Rb1 {[%clk 0:16:13]} O-O {[%clk 0:16:13]}
9. Bc4 {[%clk 0:13:14]} Nd7 {[%clk 0:15:51]} 10. O-O {[%clk 0:12:43]} Nb6
{[%clk 0:15:58]} 11. Be2 {[%clk 0:12:42]} Qc7 {[%clk 0:15:17]} 12. Be3
{[%clk 0:12:11]} Rd8 {[%clk 0:14:52]} 13. Qc1 {[%clk 0:12:03]} Bg4
{[%clk 0:13:31]} 14. Bf4 {[%clk 0:08:36]} Qc8 {[%clk 0:10:50]} 15. d5
{[%clk 0:07:43]} f5 {[%clk 0:05:39]} 16. h3 {[%clk 0:04:03]} fxe4
{[%clk 0:03:33]} 17. hxg4 {[%clk 0:03:40]} exf3 {[%clk 0:03:28]} 18. gxf3
{[%clk 0:03:42]} Nxd5 {[%clk 0:03:22]} 19. Bc4 {[%clk 0:03:50]} Kh8
{[%clk 0:03:27]} 20. Bh6 {[%clk 0:03:34]} Bf6 {[%clk 0:03:07]} 21. Kg2
{[%clk 0:03:11]} Nb6 {[%clk 0:02:23]} 22. Bf7 {[%clk 0:02:43]} Rd3
{[%clk 0:02:00]} 23. Rh1 {[%clk 0:02:06]} Qc6 {[%clk 0:02:08]} 24. Qf4
{[%clk 0:02:15]} Nd5 {[%clk 0:00:37]} 25. Qe4 {[%clk 0:02:18]} c4
{[%clk 0:00:25]} 26. Bxg6 {[%clk 0:00:39]} Nxc3 {[%clk 0:00:20]} 27. Bf8
{[%clk 0:00:24]} Qxe4 {[%clk 0:00:12]} 28. Rxh7+ {[%clk 0:00:17]} Kg8
{[%clk 0:00:21]} 29. fxe4 {[%clk 0:00:22]} Nxb1 {[%clk 0:00:18]} 30. e5
{[%clk 0:00:17]} Bxe5 {[%clk 0:00:13]} 31. Bxe7 {[%clk 0:00:21]} Rd1
{[%clk 0:00:12]} 32. Rh5 {[%clk 0:00:18]} Bg7 {[%clk 0:00:14]} 33. Bc2
{[%clk 0:00:23]} Re1 {[%clk 0:00:18]} 34. Bb4 {[%clk 0:00:27]} Rc1
{[%clk 0:00:18]} 35. Be4 {[%clk 0:00:36]} Rd8 {[%clk 0:00:23]} 36. Bf5
{[%clk 0:00:33]} Bf6 {[%clk 0:00:29]} 37. g5 {[%clk 0:00:35]} Be5
{[%clk 0:00:32]} 38. Be7 {[%clk 0:00:16]} Re8 {[%clk 0:00:40]} 39. Bc5
{[%clk 0:00:18]} c3 {[%clk 0:00:32]} 40. g6 {[%clk 0:00:19]} Rd1 {[%clk 0:00:31]}
41. Bc2 {[%clk 0:00:26]} Rc1 {[%clk 0:00:17]} 42. Ba4 {[%clk 0:00:32]} Rc8
{[%clk 0:00:20]} 43. Rxe5 {[%clk 0:00:36]} c2 {[%clk 0:00:21]} 44. Bb3+
{[%clk 0:00:40]} Kg7 {[%clk 0:00:30]} 45. Re7+ {[%clk 0:00:22]} Kxg6
{[%clk 0:00:39]} 46. Re6+ {[%clk 0:00:25]} Kf5 {[%clk 0:00:43]} 47. f4
{[%clk 0:00:19]} Rxc5 {[%clk 0:00:50]} 0-1

[Event "Russian Rapid Team Championship (w)"]
[Site "Sochi"]
[Date "2022.10.18"]
[Round "1.5"]
[White "Lysenko, Margarita"]
[Black "Pogonina, Natalija"]
[Result "0-1"]
[BlackElo "2466"]
[WhiteElo "2204"]
[LiveChessVersion "1.4.8"]

1. d4 {[%clk 0:15:16]} Nf6 {[%clk 0:15:18]} 2. c4 {[%clk 0:15:22]} e6
{[%clk 0:15:26]} 3. Nc3 {[%clk 0:15:28]} d5 {[%clk 0:15:33]} 4. cxd5
{[%clk 0:15:32]} exd5 {[%clk 0:15:41]} 5. Bg5 {[%clk 0:15:40]} Be7
{[%clk 0:15:47]} 6. e3 {[%clk 0:15:48]} c6 {[%clk 0:15:51]} 7. Bd3
{[%clk 0:15:54]} Nbd7 {[%clk 0:15:57]} 8. Qc2 {[%clk 0:16:01]} Nh5
{[%clk 0:16:01]} 9. Bxe7 {[%clk 0:16:07]} Qxe7 {[%clk 0:16:08]} 10. O-O-O
{[%clk 0:16:14]} Nb6 {[%clk 0:16:11]} 11. Kb1 {[%clk 0:16:09]} g6
{[%clk 0:16:02]} 12. h3 {[%clk 0:16:11]} Ng7 {[%clk 0:15:57]} 13. g4
{[%clk 0:14:51]} Be6 {[%clk 0:15:04]} 14. f4 {[%clk 0:13:46]} O-O-O
{[%clk 0:13:50]} 15. Nf3 {[%clk 0:12:42]} Kb8 {[%clk 0:13:46]} 16. f5
{[%clk 0:05:54]} gxf5 {[%clk 0:10:20]} 17. gxf5 {[%clk 0:06:01]} Bc8
{[%clk 0:10:26]} 18. Qh2+ {[%clk 0:03:57]} Ka8 {[%clk 0:10:25]} 19. Qf4
{[%clk 0:03:56]} f6 {[%clk 0:10:03]} 20. Rhg1 {[%clk 0:01:53]} Ne8
{[%clk 0:09:11]} 21. Qh6 {[%clk 0:01:27]} Nd6 {[%clk 0:09:07]} 22. Rg7
{[%clk 0:00:26]} Qf8 {[%clk 0:08:46]} 23. Nh4 {[%clk 0:00:21]} Ne8
{[%clk 0:08:00]} 24. Rdg1 {[%clk 0:00:22]} Rd7 {[%clk 0:06:56]} 25. Rxd7
{[%clk 0:00:19]} Qxh6 {[%clk 0:06:58]} 26. Rd8 {[%clk 0:00:28]} Qxh4
{[%clk 0:06:36]} 27. Na4 {[%clk 0:00:36]} Kb8 {[%clk 0:06:35]} 0-1

[Event "Russian Rapid Team Championship (w)"]
[Site "Sochi"]
[Date "2022.10.18"]
[Round "1.6"]
[White "Girya, Olga"]
[Black "Smirnova, Ekaterina"]
[Result "1-0"]
[BlackElo "2088"]
[WhiteElo "2298"]
[LiveChessVersion "1.4.8"]

1. d4 {[%clk 0:15:18]} d5 {[%clk 0:15:11]} 2. c4 {[%clk 0:15:27]} c6
{[%clk 0:15:20]} 3. Nf3 {[%clk 0:15:35]} Nf6 {[%clk 0:15:29]} 4. e3
{[%clk 0:15:44]} Bg4 {[%clk 0:15:33]} 5. Qb3 {[%clk 0:15:52]} Qb6
{[%clk 0:15:14]} 6. Ne5 {[%clk 0:16:00]} Bf5 {[%clk 0:15:00]} 7. cxd5
{[%clk 0:16:02]} Qxb3 {[%clk 0:14:57]} 8. axb3 {[%clk 0:16:11]} Nxd5
{[%clk 0:14:41]} 9. Bd3 {[%clk 0:16:19]} Bxd3 {[%clk 0:14:41]} 10. Nxd3
{[%clk 0:16:28]} e6 {[%clk 0:14:41]} 11. Bd2 {[%clk 0:16:27]} Nd7
{[%clk 0:14:46]} 12. e4 {[%clk 0:16:02]} N5f6 {[%clk 0:14:45]} 13. Nc3
{[%clk 0:16:11]} Be7 {[%clk 0:14:46]} 14. O-O {[%clk 0:15:52]} O-O
{[%clk 0:14:53]} 15. e5 {[%clk 0:13:43]} Nd5 {[%clk 0:14:55]} 16. Nxd5
{[%clk 0:13:40]} cxd5 {[%clk 0:12:49]} 17. Rfc1 {[%clk 0:13:49]} Bd8
{[%clk 0:12:40]} 18. b4 {[%clk 0:11:51]} Bb6 {[%clk 0:11:05]} 19. Nc5
{[%clk 0:11:21]} Bxc5 {[%clk 0:11:10]} 20. bxc5 {[%clk 0:11:29]} Nb8
{[%clk 0:11:10]} 21. Bc3 {[%clk 0:06:53]} Nc6 {[%clk 0:11:14]} 22. Re1
{[%clk 0:06:34]} Rfe8 {[%clk 0:10:50]} 23. Re3 {[%clk 0:06:16]} f6
{[%clk 0:10:23]} 24. exf6 {[%clk 0:04:18]} gxf6 {[%clk 0:10:32]} 25. f4 Kf7
{[%clk 0:09:13]} 26. Rae1 {[%clk 0:04:08]} a6 {[%clk 0:08:18]} 27. Kf2
{[%clk 0:04:16]} f5 {[%clk 0:07:35]} 28. Rh3 {[%clk 0:03:34]} Rh8
{[%clk 0:07:36]} 29. Rh6 {[%clk 0:03:34]} Rae8 {[%clk 0:07:43]} 30. h3
{[%clk 0:03:32]} Nb8 {[%clk 0:07:25]} 31. g4 {[%clk 0:03:38]} fxg4
{[%clk 0:07:05]} 32. hxg4 {[%clk 0:03:47]} Nd7 {[%clk 0:07:13]} 33. g5
{[%clk 0:03:37]} Nf8 {[%clk 0:06:51]} 34. f5 {[%clk 0:03:17]} exf5
{[%clk 0:05:15]} 35. Rf6+ {[%clk 0:03:26]} 1-0

[Event "Russian Rapid Team Championship (w)"]
[Site "Sochi"]
[Date "2022.10.18"]
[Round "1.7"]
[White "Usacheva, Glafira"]
[Black "Guseva, Marina"]
[Result "0-1"]
[BlackElo "2273"]
[WhiteElo "1916"]
[LiveChessVersion "1.4.8"]

1. e4 {[%clk 0:15:18]} c6 {[%clk 0:15:19]} 2. d4 {[%clk 0:15:25]} d5
{[%clk 0:15:28]} 3. exd5 {[%clk 0:15:32]} cxd5 {[%clk 0:15:36]} 4. Nf3
{[%clk 0:15:39]} Nc6 {[%clk 0:15:44]} 5. c4 {[%clk 0:15:45]} Nf6 {[%clk 0:15:13]}
6. Nc3 {[%clk 0:15:51]} e6 {[%clk 0:14:55]} 7. c5 {[%clk 0:15:45]} Ne4
{[%clk 0:14:59]} 8. Bb5 {[%clk 0:12:16]} Nxc3 {[%clk 0:09:46]} 9. bxc3
{[%clk 0:12:24]} Bd7 {[%clk 0:09:52]} 10. O-O {[%clk 0:12:03]} Be7
{[%clk 0:10:00]} 11. Re1 {[%clk 0:10:54]} O-O {[%clk 0:10:07]} 12. Bd3
{[%clk 0:09:51]} b6 {[%clk 0:09:50]} 13. cxb6 {[%clk 0:09:31]} axb6
{[%clk 0:09:45]} 14. Qc2 {[%clk 0:09:20]} h6 {[%clk 0:07:20]} 15. Bf4
{[%clk 0:08:03]} Re8 {[%clk 0:06:14]} 16. Qd2 {[%clk 0:07:42]} Bf8
{[%clk 0:06:18]} 17. Bc2 {[%clk 0:05:18]} Ra3 {[%clk 0:03:31]} 18. Reb1
{[%clk 0:04:28]} Bc8 {[%clk 0:02:34]} 19. Rb3 {[%clk 0:03:27]} Ra7
{[%clk 0:02:14]} 20. Ne5 {[%clk 0:02:18]} Nxe5 {[%clk 0:02:12]} 21. Bxe5
{[%clk 0:02:26]} Ba6 {[%clk 0:01:33]} 22. Bd3 {[%clk 0:02:35]} Bxd3
{[%clk 0:01:29]} 23. Qxd3 {[%clk 0:02:44]} Qa8 {[%clk 0:01:32]} 24. Qe2
{[%clk 0:01:56]} Qc6 {[%clk 0:01:36]} 25. Rab1 {[%clk 0:02:00]} Rea8
{[%clk 0:01:36]} 26. R1b2 {[%clk 0:01:16]} Rc8 {[%clk 0:01:28]} 27. h3
{[%clk 0:01:19]} Ra4 {[%clk 0:00:48]} 28. Qd2 {[%clk 0:01:08]} Qc4
{[%clk 0:00:52]} 29. Rxb6 {[%clk 0:01:03]} Raa8 {[%clk 0:00:34]} 30. R6b3
{[%clk 0:00:36]} Rxa2 {[%clk 0:00:32]} 31. Rxa2 {[%clk 0:00:34]} Qxb3
{[%clk 0:00:40]} 32. Rc2 {[%clk 0:00:19]} Bb4 {[%clk 0:00:35]} 33. Qd3
{[%clk 0:00:11]} Rxc3 {[%clk 0:00:37]} 34. Rxc3 {[%clk 0:00:20]} Qxc3
{[%clk 0:00:44]} 35. Qb5 {[%clk 0:00:22]} f6 {[%clk 0:00:31]} 36. Bg3
{[%clk 0:00:14]} Kh7 {[%clk 0:00:33]} 37. Qd7 {[%clk 0:00:19]} Qe1+
{[%clk 0:00:40]} 38. Kh2 {[%clk 0:00:29]} Bc3 {[%clk 0:00:44]} 39. Qa4
{[%clk 0:00:17]} Qe4 {[%clk 0:00:51]} 40. f3 {[%clk 0:00:14]} Qxd4
{[%clk 0:00:57]} 41. Qc2+ {[%clk 0:00:23]} f5 {[%clk 0:01:06]} 42. Bf2
{[%clk 0:00:21]} Qc4 {[%clk 0:01:07]} 0-1

[Event "Russian Rapid Team Championship (w)"]
[Site "Sochi"]
[Date "2022.10.18"]
[Round "1.8"]
[White "Kovanova, Baira"]
[Black "Lukina, Aleksandra"]
[Result "1-0"]
[BlackElo "1942"]
[WhiteElo "2231"]
[LiveChessVersion "1.4.8"]

1. e4 {[%clk 0:15:19]} e6 {[%clk 0:15:20]} 2. d4 {[%clk 0:15:27]} d5
{[%clk 0:15:29]} 3. Nc3 {[%clk 0:15:36]} Bb4 {[%clk 0:15:37]} 4. e5
{[%clk 0:15:45]} Ne7 {[%clk 0:15:46]} 5. Nf3 {[%clk 0:15:12]} c5 {[%clk 0:15:50]}
6. Bd2 {[%clk 0:15:17]} Nf5 {[%clk 0:14:02]} 7. a3 {[%clk 0:15:14]} cxd4
{[%clk 0:12:34]} 8. axb4 {[%clk 0:14:06]} dxc3 {[%clk 0:12:43]} 9. Bxc3
{[%clk 0:14:13]} O-O {[%clk 0:11:05]} 10. Bd3 {[%clk 0:14:12]} Nh4
{[%clk 0:10:22]} 11. O-O {[%clk 0:13:16]} Nc6 {[%clk 0:09:27]} 12. b5
{[%clk 0:13:01]} Nxf3+ {[%clk 0:09:34]} 13. Qxf3 {[%clk 0:13:09]} Ne7
{[%clk 0:09:42]} 14. Ra4 {[%clk 0:12:30]} Ng6 {[%clk 0:09:23]} 15. Rfa1
{[%clk 0:10:26]} Qc7 {[%clk 0:07:45]} 16. Qh5 {[%clk 0:07:11]} b6
{[%clk 0:06:27]} 17. Rh4 {[%clk 0:07:05]} h6 {[%clk 0:05:08]} 18. Rg4
{[%clk 0:07:07]} Rd8 {[%clk 0:01:57]} 19. Rxg6 {[%clk 0:04:17]} fxg6
{[%clk 0:02:05]} 20. Qxg6 {[%clk 0:04:26]} Rd7 {[%clk 0:00:13]} 21. Qh7+
{[%clk 0:04:00]} Kf8 {[%clk 0:00:22]} 22. Bb4+ {[%clk 0:04:08]} Re7
{[%clk 0:00:25]} 23. Bg6 {[%clk 0:04:05]} 1-0